000 00565nam a22002057a 4500
003 OSt
005 20160211134705.0
008 160211b xxu||||| |||| 00| 0 eng d
020 _a 9780071283113
040 _cDDC.
082 _a658LOC 2008
100 _aLocker,O.Kitty;Kienzler,Donna,S.;
_96780
245 _aBusiness and Administrative Communication,
250 _a8th ed
260 _aBoston.
_bMcGraw-Hill,
_c2008.
300 _axxxi,701p;
_bcol,ill;
_c30cm
504 _aincludes notes and index.
650 _aCommunication.
_91820
942 _2ddc
_cSLOAN
999 _c3037
_d3037